SUUper makkelijk - Statistieken

Algemene statistieken
  • Deze quiz is 71 keer genomen
  • De gemiddelde score is 22 van 28
Antwoordstatistieken
Hint Antwoord % Correct
Schrijf ik dit woord fout: ''Speelen?'' Ja
94%
Geel Geel
90%
Tegenovergestelde van mama Papa
90%
Eerste letter van het alfabet. A
88%
Hoofdstad van nederland. Amsterdam
88%
Hoofdstad Spanje Barcelona
88%
Hoofdstad van Frankrijk Parijs
88%
Wat is een traditie die we elk jaar op 5 december vieren? Sinterklaas
88%
Eerste 3 letters van het alfabet ABC
85%
Hoofdstad Duitsland Berlijn
85%
Ander woord voor niet slim Dom
85%
Ander woord voor hallo. Hoi
85%
Hoe heet deze site? Jetpunk
85%
Game waar alles vierkant is Minecraft
85%
Met welke traditie eet je veel eieren Pasen
85%
Wat is het eerste getal der getallen? 1
83%
Tegenovergestelde van groot Klein
83%
Wat is een cavia? Knaagdier
83%
Hoofdstad Italië Rome
81%
Waar leven pinguÏns? Zuidpool
81%
Waar kun je dingen leren? School
79%
In welke game moet je knokkers hebben? Brawl Stars
77%
Ander woord voor slim Intelligent
73%
Waar leeft een ijsbeer? Noordpool
71%
Hoe heet de cactus uit Brawl Stars Spike
58%
Wat is de begin knokker in Brawl Stars Shelly
56%
Een parcour game Fall Guys
52%
Welke knokker in brawl stars zegt: "Boring?'' Edgar
48%
Geen overeenkomende quizzen gevonden
Scoreverdeling
Procent van Mensen met Elke Score
Percentiel versus Aantal Correcte Antwoorden
Uw Scoregeschiedenis
U heeft deze quiz nog niet genomen